<?xml version='1.0' encoding='UTF-8'?><?xml-stylesheet href='static/style.xsl' type='text/xsl'?><OAI-PMH xmlns="http://www.openarchives.org/OAI/2.0/" xmlns:xsi="http://www.w3.org/2001/XMLSchema-instance" xsi:schemaLocation="http://www.openarchives.org/OAI/2.0/ http://www.openarchives.org/OAI/2.0/OAI-PMH.xsd"><responseDate>2026-04-30T13:55:12Z</responseDate><request verb="GetRecord" identifier="oai:ebiltegia.mondragon.edu:20.500.11984/3938" metadataPrefix="marc">https://ebiltegia.mondragon.edu/oai/request</request><GetRecord><record><header><identifier>oai:ebiltegia.mondragon.edu:20.500.11984/3938</identifier><datestamp>2024-01-04T21:56:52Z</datestamp><setSpec>com_20.500.11984_1736</setSpec><setSpec>com_20.500.11984_1627</setSpec><setSpec>col_20.500.11984_1972</setSpec></header><metadata><record xmlns="http://www.loc.gov/MARC21/slim" xmlns:dcterms="http://purl.org/dc/terms/" xmlns:xsi="http://www.w3.org/2001/XMLSchema-instance" xmlns:doc="http://www.lyncode.com/xoai" xsi:schemaLocation="http://www.loc.gov/MARC21/slim http://www.loc.gov/standards/marcxml/schema/MARC21slim.xsd">
   <leader>00925njm 22002777a 4500</leader>
   <datafield ind2=" " ind1=" " tag="042">
      <subfield code="a">dc</subfield>
   </datafield>
   <datafield ind2=" " ind1=" " tag="720">
      <subfield code="a">Mondragon Unibertsitatea</subfield>
      <subfield code="e">author</subfield>
   </datafield>
   <datafield ind2=" " ind1=" " tag="260">
      <subfield code="c">2014-06-16</subfield>
   </datafield>
   <datafield ind2=" " ind1=" " tag="520">
      <subfield code="a">Bi nobedade nagusi izango ditu, 2014-2015 ikasturtean, Mondragon Unibertsitateak eskaintzen duen Komunikazioa erakundeetan aditu tituluak. Batetik, lehenengo aldiz, Bilbon emango da aditua, Bilbao Berrikuntza Faktorian. Bestetik, ohiko materiez gain, tarte berezia hartuko du, komunikazioan, erakundeek izan behar duten hizkuntza-politikak.</subfield>
   </datafield>
   <datafield ind2=" " ind1=" " tag="520">
      <subfield code="a">La tercera edición del Curso experto en Comunicación en las organizaciones ofrecido por Mondragon Unibertsitatea, se presenta lleno de novedades para el próximo curso 2014-2015. Por una parte, el curso se impartirá en Bilbao, en el Bilbao Berrikuntza Faktoria. Por otro lado, habrá cambios en cuanto al contenido del curso. Así, junto a las asignaturas habituales, se ofrecerá un seminario sobre el uso del euskera en la comunicación organizacional.</subfield>
   </datafield>
   <datafield ind1="8" ind2=" " tag="024">
      <subfield code="a">http://www.youtube.com/embed/h7W3x8D86zY</subfield>
   </datafield>
   <datafield ind1="8" ind2=" " tag="024">
      <subfield code="a">https://hdl.handle.net/20.500.11984/3938</subfield>
   </datafield>
   <datafield tag="653" ind2=" " ind1=" ">
      <subfield code="a">Humanitate eta Hezkuntza Zientzien Fakultatea</subfield>
   </datafield>
   <datafield ind2="0" ind1="0" tag="245">
      <subfield code="a">Bilbon eskainiko da Komunikazioa erakundeetan aditu tituluaren 2014-2015 ikasturteko edizioa</subfield>
   </datafield>
   <datafield ind2="0" ind1="0" tag="245">
      <subfield code="a">El Curso experto en Comunicación en las organizaciones se impartirá en Bilbao el próximo curso 2014-2015</subfield>
   </datafield>
</record></metadata></record></GetRecord></OAI-PMH>